[Event "Dundee & Angus Open"]
[Site "?"]
[Date "2015.10.11"]
[Round "5"]
[White "Neave, George"]
[Black "Romilly, Peter"]
[Result "1/2-1/2"]
[WhiteElo "2130"]
[BlackElo "2057"]
[PlyCount "61"]

1. e4 c5 2. Nf3 e6 3. d4 cxd4 4. Nxd4 Nc6 5. Nc3 Qc7 6. Be3 a6 7. Qd2 Nf6 8.
O-O-O Bb4 9. f3 Ne5 10. Nb3 d5 11. Bd4 Ned7 12. Qg5 h6 13. Qh4 e5 14. Nxd5 Nxd5
15. exd5 exd4 16. Qxd4 Bf8 17. d6 Qb6 18. Qe4+ Kd8 19. Qf4 f6 20. Bc4 Ne5 21.
Rhe1 Bd7 22. Rxe5 fxe5 23. Qxe5 Rc8 24. Be6 Qc6 25. Nd4 Qc5 26. Qe4 Bc6 27. Qe2
Bxd6 28. Bxc8 Kxc8 29. Nxc6 Bf4+ 30. Kb1 Qxc6 31. g3 1/2-1/2

[Event "Dundee & Angus Open"]
[Site "?"]
[Date "2015.10.11"]
[Round "5"]
[White "Abdulla, Murad"]
[Black "Findlay, David"]
[Result "1-0"]
[WhiteElo "2029"]
[BlackElo "2185"]
[PlyCount "89"]

1. e4 e5 2. Nf3 d6 3. d4 exd4 4. Nxd4 g6 5. Nc3 Bg7 6. Be3 Nf6 7. Be2 O-O 8.
Qd2 Re8 9. O-O-O Nxe4 10. Nxe4 Rxe4 11. Bf3 Re8 12. h4 Nd7 13. h5 Nf6 14. hxg6
fxg6 15. Bg5 d5 16. Qf4 c6 17. Rh2 Rf8 18. Qh4 h5 19. Kb1 Qb6 20. Qg3 Ne4 21.
Bxe4 Bxd4 22. Bc1 dxe4 23. Qxg6+ Bg7 24. Rxh5 Bf5 25. Rxf5 Rxf5 26. Qxf5 Rf8
27. Qe6+ Rf7 28. f3 Qc7 29. Qe8+ Rf8 30. Qxe4 Rf7 31. Re1 Qd7 32. Qe8+ Qxe8 33.
Rxe8+ Kh7 34. c3 Kg6 35. Kc2 Rd7 36. Re4 Bf6 37. g4 Bg7 38. f4 Bf6 39. f5+ Kf7
40. g5 Be7 41. Re6 Bd8 42. Be3 Bb6 43. Bxb6 axb6 44. Rh6 Kg7 45. f6+ 1-0

[Event "Dundee & Angus Open"]
[Site "?"]
[Date "2015.10.11"]
[Round "5"]
[White "Mooney, Graham"]
[Black "Ridge, Mike"]
[Result "1-0"]
[WhiteElo "1846"]
[BlackElo "1916"]
[PlyCount "69"]

1. e4 c5 2. Nf3 g6 3. d4 cxd4 4. Nxd4 Nc6 5. Nc3 Bg7 6. Be3 Nf6 7. Nxc6 bxc6 8.
e5 Ng8 9. f4 Nh6 10. Bd3 d6 11. exd6 exd6 12. O-O O-O 13. Qd2 Ng4 14. h3 Nxe3
15. Qxe3 d5 16. Qf3 Qb6+ 17. Kh1 Qxb2 18. Ne2 f5 19. Rfb1 Qf6 20. c3 Be6 21.
Nd4 Bf7 22. Rb7 c5 23. Ne2 Rfd8 24. Rab1 d4 25. cxd4 Bd5 26. Qf2 Bxb7 27. Rxb7
Qc6 28. Bc4+ Kh8 29. Re7 cxd4 30. Bb3 d3 31. Ng3 Qc1+ 32. Kh2 Bd4 33. Re8+ Kg7
34. Nxf5+ Kf6 35. Qh4+ 1-0

[Event "Dundee & Angus Open"]
[Site "?"]
[Date "2015.10.11"]
[Round "5"]
[White "Dawson, Alastair"]
[Black "Marks, Ian"]
[Result "1-0"]
[WhiteElo "1861"]
[BlackElo "1802"]
[PlyCount "47"]

1. Nf3 d6 2. g3 e5 3. d3 f5 4. Bg2 Nf6 5. c4 Be7 6. Nc3 O-O 7. e3 c6 8. Bd2 Na6
9. Qc2 Nb4 10. Qb1 e4 11. dxe4 fxe4 12. Nxe4 Nxe4 13. Bxb4 Bf5 14. Qd1 Bg4 15.
h3 Bh5 16. g4 Bg6 17. O-O h5 18. Nh2 c5 19. Qd5+ Kh8 20. Bxe4 Bxe4 21. Qxe4
cxb4 22. Rad1 Qc7 23. Rd5 hxg4 24. Qe6 1-0

[Event "Dundee & Angus Open"]
[Site "?"]
[Date "2015.10.11"]
[Round "5"]
[White "Birkett, Richard"]
[Black "Borwell, Alan"]
[Result "1-0"]
[WhiteElo "2061"]
[BlackElo "1989"]
[PlyCount "35"]

1. e4 c5 2. Nf3 a6 3. d4 cxd4 4. Qxd4 Nf6 5. e5 Nc6 6. Qa4 Nd5 7. c4 b5 8. Qd1
bxc4 9. Qxd5 e6 10. Qxc4 a5 11. Qa4 Qc7 12. Bf4 Rb8 13. Qc2 Qb6 14. Nc3 Nb4 15.
Qd2 Ba6 16. Be2 Bc5 17. O-O Bxe2 18. Qxe2 1-0

[Event "Dundee & Angus Open"]
[Site "?"]
[Date "2015.10.11"]
[Round "5"]
[White "Campbell, Duncan"]
[Black "McGowan, Daniel"]
[Result "0-1"]
[WhiteElo "1847"]
[BlackElo "2113"]
[PlyCount "84"]

1. e4 e6 2. d4 d5 3. Nd2 Nf6 4. e5 Nfd7 5. Bd3 c5 6. c3 Nc6 7. Ne2 cxd4 8. cxd4
f6 9. exf6 Nxf6 10. Nf3 Bd6 11. O-O O-O 12. Bg5 Qc7 13. Rc1 Bd7 14. Ng3 Bf4 15.
Bxf4 Qxf4 16. Bb1 Rac8 17. Ne2 Qd6 18. a3 e5 19. dxe5 Nxe5 20. Ned4 Nfg4 21. h3
Rxc1 22. Qxc1 Rxf3 23. hxg4 Rf8 24. Bf5 Nxg4 25. Bxg4 Bxg4 26. Qe3 Qf4 27. Rc1
Qxe3 28. fxe3 Rc8 29. Rxc8+ Bxc8 30. Kf2 Bd7 31. Kf3 Kf7 32. Kf4 Kf6 33. b4 g5+
34. Kf3 h5 35. b5 Ke5 36. a4 h4 37. a5 g4+ 38. Kf2 Ke4 39. b6 axb6 40. axb6 g3+
41. Ke2 Bg4+ 42. Kf1 Kxe3 0-1

[Event "Dundee & Angus Open"]
[Site "?"]
[Date "2015.10.11"]
[Round "5"]
[White "Durno, Joy (WFM)"]
[Black "Floros, Antonios"]
[Result "0-1"]
[WhiteElo "1819"]
[BlackElo "1930"]
[PlyCount "76"]

1. d4 Nf6 2. c4 e6 3. g3 d5 4. Nf3 Bb4+ 5. Bd2 Be7 6. Qc2 c6 7. Bg2 O-O 8. O-O
b6 9. cxd5 cxd5 10. Bc3 Bb7 11. Nbd2 Nbd7 12. Rac1 Ne4 13. Nxe4 dxe4 14. Ne5 f5
15. Qa4 Nxe5 16. dxe5 Bd5 17. Rfd1 Qe8 18. Qxe8 Rfxe8 19. a3 Red8 20. e3 a6 21.
Bf1 b5 22. Be2 Rdc8 23. Bd2 Bb3 24. Rxc8+ Rxc8 25. Rc1 Rxc1+ 26. Bxc1 Bc5 27.
Bd2 Kf7 28. h4 Ke7 29. Bc3 Kd7 30. Kf1 Bc4 31. Bd4 Kc6 32. Bxc4 bxc4 33. Ke2
Bxd4 34. exd4 Kd5 35. Ke3 g6 36. f3 exf3 37. Kxf3 Kxd4 38. Kf4 h6 0-1

[Event "Dundee & Angus Open"]
[Site "?"]
[Date "2015.10.11"]
[Round "5"]
[White "Jennings, Richard"]
[Black "Parks, Joe"]
[Result "1-0"]
[WhiteElo "1878"]
[BlackElo "1809"]
[PlyCount "59"]

1. d4 d5 2. Nc3 e6 3. e4 Bb4 4. exd5 exd5 5. Bd3 Be6 6. Nf3 Nf6 7. O-O c6 8.
Ne2 Bd6 9. Nf4 O-O 10. Nxe6 fxe6 11. Re1 Qc7 12. Rxe6 Nbd7 13. h3 Rae8 14. Qe2
Ne4 15. Bxe4 dxe4 16. Rxe4 Nf6 17. Rxe8 Rxe8 18. Be3 Qe7 19. Re1 Nd5 20. Qd2
Qd7 21. Bg5 Rf8 22. Qe2 Nc7 23. Qd3 Nd5 24. Ne5 Qe8 25. Bd2 Qh5 26. Qe2 Qf5 27.
c4 Nf4 28. Bxf4 Qxf4 29. Nf3 Bb4 30. Rd1 1-0

[Event "Dundee & Angus Open"]
[Site "?"]
[Date "2015.10.11"]
[Round "5"]
[White "Kefalas, Loukas"]
[Black "Sykes, Chris"]
[Result "1-0"]
[WhiteElo "1844"]
[BlackElo "1876"]
[PlyCount "58"]

1. e4 c6 2. d4 d5 3. Nc3 dxe4 4. Nxe4 Nd7 5. Bc4 Ngf6 6. Ng5 e6 7. Qe2 Nb6 8.
Bd3 h6 9. N5f3 c5 10. Be3 Qc7 11. Ne5 Nbd5 12. O-O-O a6 13. Nh3 b5 14. c3 c4
15. Bc2 b4 16. Ba4+ Bd7 17. Bxd7+ Nxd7 18. Qxc4 Qxc4 19. Nxc4 bxc3 20. Nf4 Nxe3
21. fxe3 cxb2+ 22. Kxb2 Rb8+ 23. Kc2 Rc8 24. Kb3 g5 25. Ne2 Bg7 26. Nd6+ Kd8
27. Nxf7+ Ke7 28. Nxh8 Bxh8 29. Rc1 {illegible.} 29... Rb8+ 1-0

[Event "Dundee & Angus Open"]
[Site "?"]
[Date "2015.10.11"]
[Round "5"]
[White "Pannwitz, Kai"]
[Black "James, Chris"]
[Result "1-0"]
[WhiteElo "1883"]
[BlackElo "1777"]
[PlyCount "59"]

1. d4 d5 2. c4 e5 3. dxe5 d4 4. Nf3 Nc6 5. a3 Be6 6. Qc2 Nge7 7. Bf4 a5 8. Nbd2
Nf5 9. Rd1 a4 10. g3 Be7 11. h4 Qd7 12. Bg2 Na5 13. Ng5 c5 14. Nxe6 fxe6 15.
Ne4 O-O 16. Bg5 Rac8 17. g4 d3 18. Rxd3 Nd4 19. Qc3 Nac6 20. f4 Bxg5 21. hxg5
Rxf4 22. Rdh3 Rxg4 23. Rxh7 Rxe4 24. Bxe4 Nxe5 25. g6 Kf8 26. Qg3 Ndf3+ 27.
Bxf3 Nxc4 28. Qf4+ Ke8 29. Qxc4 b5 30. Qh4 1-0

[Event "Dundee & Angus Open"]
[Site "?"]
[Date "2015.10.11"]
[Round "5"]
[White "Milton, Carl"]
[Black "Gray, Euan"]
[Result "1/2-1/2"]
[WhiteElo "1675"]
[BlackElo "1656"]
[PlyCount "101"]

1. d4 f5 2. c4 e6 3. Nf3 Nf6 4. g3 d6 5. Bg2 Be7 6. O-O a5 7. Nc3 O-O 8. b3 Qe8
9. Qc2 Qh5 10. e4 fxe4 11. Nxe4 Nc6 12. Bb2 e5 13. dxe5 dxe5 14. Rfe1 Bg4 15.
Nfd2 Rfd8 16. Nxf6+ gxf6 17. Bd5+ Kg7 18. Nf1 Nb4 19. Qc3 Nxd5 20. cxd5 Bb4 21.
Qxc7+ Rd7 22. Qc4 Bxe1 23. Rxe1 Bf3 24. Ne3 Rad8 25. Qb5 Bxd5 26. Nxd5 Rxd5 27.
Qxb7+ R8d7 28. Qb6 Rd1 29. Rxd1 Qxd1+ 30. Kg2 Qd2 31. Ba3 Qxa2 32. Qxa5 Qxb3
33. Qc5 Qb7+ 34. Kh3 Rf7 35. Qc4 Qf3 36. Bc5 h5 37. Be3 Qf5+ 38. Kg2 Qg4 39.
Qc6 h4 40. h3 Qg6 41. g4 f5 42. Qd5 e4 43. Bd4+ Kh7 44. Qd8 Qh6 45. Qh8+ Kg6
46. Qg8+ Rg7 47. Qxg7+ Qxg7 48. Bxg7 Kxg7 49. gxf5 Kf6 50. f3 exf3+ 51. Kxf3
1/2-1/2

[Event "Dundee & Angus Open"]
[Site "?"]
[Date "2015.10.11"]
[Round "5"]
[White "Robinson, Stephen"]
[Black "Coffey, Patrick"]
[Result "0-1"]
[WhiteElo "1753"]
[BlackElo "2198"]
[PlyCount "113"]

1. f4 d5 2. Nf3 g6 3. g3 c6 4. Bg2 Bg7 5. c3 Nd7 6. d4 Nh6 7. O-O Nf5 8. Qc2
Nf6 9. Ne5 Nd6 10. Nd2 O-O 11. b3 Bf5 12. Nd3 Nfe4 13. Nf3 f6 14. Nh4 Bc8 15.
Kh1 Nf5 16. Nxf5 Bxf5 17. Ba3 Rf7 18. e3 h5 19. c4 Rc8 20. Rac1 Bf8 21. Qe2 e6
22. c5 Rh7 23. Bb4 Qd7 24. Be1 Bg7 25. Nf2 Nxf2+ 26. Bxf2 e5 27. dxe5 fxe5 28.
e4 dxe4 29. Bxe4 exf4 30. Bxf5 Qxf5 31. Qc4+ Qd5+ 32. Qxd5+ cxd5 33. gxf4 Bh6
34. Bd4 Re7 35. Rc2 Kf7 36. f5 g5 37. a3 a6 38. b4 g4 39. f6 Re4 40. Bb2 h4 41.
Rf5 h3 42. Kg1 Ke6 43. Rh5 Be3+ 44. Kf1 d4 45. Ke2 Kxf6 46. Kd3 Rf4 47. Rc4 Kg6
48. Rd5 g3 49. Rd6+ Rf6 50. Rxf6+ Kxf6 51. Bxd4+ Bxd4 52. Kxd4 Rd8+ 53. Ke3 g2
54. Rc1 Ke5 55. a4 Rf8 56. Ke2 Kd5 57. b5 0-1

[Event "Dundee & Angus Challengers"]
[Site "?"]
[Date "2015.10.09"]
[Round "1"]
[White "Smith, Callum"]
[Black "Dabos-Doukas, Ioannis"]
[Result "1-0"]
[WhiteElo "1483"]
[BlackElo "1614"]
[PlyCount "65"]
[EventDate "2015.??.??"]

1. e4 c5 2. c3 Nf6 3. e5 Nd5 4. d4 cxd4 5. cxd4 e6 6. Bc4 Nb6 7. Bd3 d6 8. Nf3
Be7 9. O-O O-O 10. Nc3 Nc6 11. Qe2 d5 12. Re1 Nb4 13. Bb1 a6 14. a3 Nc6 15. Qd3
g6 16. Qe3 f5 17. Qh6 Rf7 18. Ng5 Rg7 19. Rd1 Qf8 20. Ne2 Na5 21. Ba2 Bd7 22.
Rd3 Rc8 23. b4 Nac4 24. Rh3 Bxg5 25. Bxg5 Rf7 26. Qh4 h5 27. Nf4 Qg7 28. Bf6
Qh6 29. Nxg6 Nxe5 30. Nf4 Qxf6 31. Qxf6 Rxf6 32. dxe5 h4 33. exf6 1-0

[Event "Dundee & Angus Challengers"]
[Site "?"]
[Date "2015.10.09"]
[Round "1"]
[White "Pasha, Tariq"]
[Black "Berera, Siddharth"]
[Result "1-0"]
[WhiteElo "1654"]
[BlackElo "1457"]
[PlyCount "51"]
[EventDate "2015.??.??"]

1. d4 d5 2. c4 c6 3. Nf3 Nf6 4. Nc3 e6 5. Bg5 Bd6 6. e3 Nbd7 7. Bd3 O-O 8. O-O
b6 9. cxd5 cxd5 10. Qc2 h6 11. Bf4 Bxf4 12. exf4 a6 13. Rfe1 b5 14. Ne2 Bb7 15.
Ng3 Rc8 16. Qd2 Nb6 17. b3 Qc7 18. Ne5 Nfd7 19. Qe3 Nxe5 20. fxe5 Qd7 21. f4
Rc3 22. Bh7+ Kxh7 23. Qxc3 Rc8 24. Qe3 g6 25. Nh1 Rc2 26. Nf2 1-0

[Event "Dundee & Angus Challengers"]
[Site "?"]
[Date "2015.10.09"]
[Round "1"]
[White "Dempsey, John"]
[Black "Volland, Ben"]
[Result "1-0"]
[WhiteElo "1612"]
[BlackElo "1543"]
[PlyCount "53"]
[EventDate "2015.??.??"]

1. e4 e5 2. Nf3 Nc6 3. Bb5 a6 4. Ba4 Nf6 5. Qe2 b5 6. Bb3 Bc5 7. c3 d6 8. O-O
O-O 9. d3 Be6 10. Bxe6 fxe6 11. Nbd2 Qe8 12. Nb3 Ba7 13. d4 exd4 14. cxd4 e5
15. d5 Ne7 16. Na5 Qg6 17. Bg5 Bb6 18. Bxf6 Rxf6 19. Nb3 Rf4 20. Nbd2 Rg4 21.
Kh1 Rf8 22. g3 h5 23. h3 Kf7 24. hxg4 hxg4 25. Nh2 Rh8 26. f3 Rxh2+ 27. Qxh2
1-0

[Event "Dundee & Angus Challengers"]
[Site "?"]
[Date "2015.10.09"]
[Round "1"]
[White "Robertson, Jim"]
[Black "Barker, Luke"]
[Result "0-1"]
[WhiteElo "1502"]
[BlackElo "1714"]
[PlyCount "92"]
[EventDate "2015.??.??"]

1. d4 Nf6 2. e3 g6 3. f4 Bg7 4. Nf3 d6 5. Bc4 Nbd7 6. Bxf7+ Kxf7 7. Ng5+ Kg8 8.
Ne6 Qe8 9. Nxc7 Qd8 10. Nxa8 b6 11. Qd3 Bb7 12. Qc4+ Bd5 13. Qe2 Qxa8 14. O-O
h5 15. c4 Be4 16. Nd2 h4 17. Nxe4 Nxe4 18. b4 Ndf6 19. Qf3 Rh5 20. Bb2 Qc8 21.
Rfc1 h3 22. Rc2 hxg2 23. Re1 Qf5 24. Rxg2 Kh7 25. d5 Rh3 26. Qe2 Rh4 27. Bxf6
Bxf6 28. Rc1 Qh3 29. Rf1 Nc3 30. Qd3 Rh6 31. Rc1 Na4 32. Rcc2 Nb2 33. Qe2 Na4
34. Qd3 Qf3 35. Rg3 Qh5 36. Rcg2 Nc3 37. Qf1 Ne4 38. Rf3 Qf5 39. Qe2 Nc3 40.
Qf2 Qe4 41. Rg4 Qf5 42. Qg2 Nxa2 43. Rh3 Qb1+ 44. Kf2 Qc2+ 45. Kf3 Qxg2+ 46.
Kxg2 Nxb4 0-1

[Event "Dundee & Angus Challengers"]
[Site "?"]
[Date "2015.10.09"]
[Round "1"]
[White "Irving, Neil"]
[Black "D'Costa, Leston"]
[Result "1/2-1/2"]
[WhiteElo "1748"]
[BlackElo "1515"]
[PlyCount "65"]
[EventDate "2015.??.??"]

1. Nf3 f5 2. d4 Nf6 3. g3 e6 4. Bg2 d5 5. O-O c6 6. c4 Bd6 7. b3 Qe7 8. Nbd2
Nbd7 9. Bb2 O-O 10. Ne5 Ne4 11. f3 Nxe5 12. Nxe4 fxe4 13. dxe5 Bc5+ 14. Bd4
exf3 15. Rxf3 Bd7 16. Kh1 Rxf3 17. exf3 Bxd4 18. Qxd4 c5 19. Qd3 d4 20. f4 Rb8
21. Be4 g6 22. Qf3 b6 23. Re1 Rf8 24. Qg4 Bc8 25. Kg1 Qf7 26. h4 Kh8 27. Re2
Bd7 28. Rh2 Be8 29. Qg5 Qd7 30. Bd3 Qf7 31. Qh6 Qg7 32. Qg5 Qf7 33. Qh6 1/2-1/2

[Event "Dundee & Angus Challengers"]
[Site "?"]
[Date "2015.10.10"]
[Round "2"]
[White "Shemilt, Jim"]
[Black "Hegde, Stuthi"]
[Result "1-0"]
[WhiteElo "1778"]
[BlackElo "1241"]
[PlyCount "97"]
[EventDate "2015.??.??"]

1. e4 c5 2. Nf3 Nc6 3. Nc3 e5 4. Bc4 d6 5. d3 h6 6. Be3 Nf6 7. h3 Be7 8. Qd2
Bd7 9. a3 Nd4 10. Nd5 Nxf3+ 11. gxf3 Qc8 12. Nxe7 Kxe7 13. h4 Be6 14. Qc3 Bxc4
15. dxc4 Qe6 16. O-O-O Nh5 17. Rd5 Qf6 18. Bxc5 dxc5 19. Rxe5+ Kf8 20. Rxh5
Qxc3 21. bxc3 b6 22. Rd1 Ke7 23. Re5+ Kf6 24. Red5 Rhe8 25. Rf5+ Kg6 26. h5+
Kh7 27. Rxf7 Rf8 28. Rdd7 Rxf7 29. Rxf7 Kg8 30. Rf5 Rd8 31. f4 Rd7 32. f3 Rd6
33. Rd5 Rf6 34. f5 Rf7 35. Kd2 Kh7 36. Ke3 Re7 37. Kf4 Kg8 38. e5 Kf7 39. Ke4
Rc7 40. f4 Re7 41. Rd6 Rb7 42. Kd5 Rc7 43. a4 Kf8 44. f6 gxf6 45. Rxf6+ Kg7 46.
Rg6+ Kh7 47. f5 Rd7+ 48. Ke6 Rc7 49. Kd6 1-0

[Event "Dundee & Angus Challengers"]
[Site "?"]
[Date "2015.10.10"]
[Round "2"]
[White "Ward, Andrew"]
[Black "Irving, Neil"]
[Result "1-0"]
[WhiteElo "1400"]
[BlackElo "1748"]
[PlyCount "73"]
[EventDate "2015.??.??"]

1. e4 e6 2. Nf3 d5 3. e5 c5 4. b4 cxb4 5. d4 Nc6 6. a3 Bd7 7. axb4 Bxb4+ 8. c3
Be7 9. Bd3 f6 10. Qe2 Qc7 11. Bf4 f5 12. O-O h5 13. c4 Nb4 14. cxd5 Nxd5 15.
Bd2 Nh6 16. Rc1 Qb8 17. Bg5 Nf7 18. Bxe7 Nxe7 19. Nc3 Bc6 20. Bc4 Nd5 21. Nxd5
Bxd5 22. Bxd5 exd5 23. Qb5+ Ke7 24. Qxd5 Rd8 25. Qc5+ Ke8 26. d5 Rc8 27. Qb5+
Kf8 28. d6 a6 29. Qd7 g6 30. Qe7+ Kg8 31. Rxc8+ Qxc8 32. e6 Nh6 33. Ng5 Qc3 34.
Qh7+ Kf8 35. Qxh6+ Ke8 36. Qxg6+ Kd8 37. Qg8# 1-0

[Event "Dundee & Angus Challengers"]
[Site "?"]
[Date "2015.10.10"]
[Round "2"]
[White "Dempsey, John"]
[Black "MacQueen, Andrew"]
[Result "1-0"]
[WhiteElo "1612"]
[BlackElo "1800"]
[PlyCount "53"]
[EventDate "2015.??.??"]

1. e4 c5 2. Nf3 d6 3. Bb5+ Bd7 4. Bxd7+ Qxd7 5. c3 g6 6. O-O Bg7 7. d4 Nf6 8.
e5 dxe5 9. dxe5 Nd5 10. Qe2 e6 11. Rd1 Qc7 12. c4 Ne7 13. Nc3 Nbc6 14. Nb5 Qb6
15. Nd6+ Kf8 16. Bg5 h6 17. Bf6 Nf5 18. Nxf7 Bxf6 19. exf6 Ncd4 20. Nxd4 Nxd4
21. Rxd4 Rh7 22. Rd6 Qc7 23. Rxe6 Rxf7 24. Re1 Qd8 25. Qe3 Rxf6 26. Qxh6+ Kg8
27. Re7 1-0

[Event "Dundee & Angus Challengers"]
[Site "?"]
[Date "2015.10.10"]
[Round "2"]
[White "Dabos-Doukas, Ioannis"]
[Black "Volland, Ben"]
[Result "1-0"]
[WhiteElo "1614"]
[BlackElo "1583"]
[PlyCount "51"]
[EventDate "2015.??.??"]

1. d4 f5 2. Bg5 h6 3. Bh4 g5 4. e3 Bg7 5. Bg3 Nf6 6. h4 g4 7. h5 d6 8. Bc4 Nbd7
9. Nc3 Nb6 10. Bb3 d5 11. Nb5 c6 12. Nc7+ Kf8 13. Nxa8 Nxa8 14. Ne2 Kg8 15. Nf4
Kh7 16. Ng6 Rg8 17. Nf4 Bf8 18. Qe2 Qe8 19. O-O-O e6 20. Rdg1 a5 21. Qe1 b6 22.
f3 c5 23. c3 c4 24. Bc2 Bd7 25. e4 b5 26. e5 1-0

[Event "Dundee & Angus Challengers"]
[Site "?"]
[Date "2015.10.10"]
[Round "2"]
[White "Barker, Luke"]
[Black "Smith, Callum"]
[Result "1-0"]
[WhiteElo "1714"]
[BlackElo "1483"]
[PlyCount "83"]
[EventDate "2015.??.??"]

1. d4 d5 2. Nf3 Nf6 3. c4 c6 4. g3 dxc4 5. Qc2 Nbd7 6. Bg2 Nb6 7. O-O Bg4 8.
Nbd2 e6 9. Nxc4 Bxf3 10. Bxf3 Qxd4 11. Na5 Qa4 12. Qxa4 Nxa4 13. Nxc6 Nd5 14.
Ne5 Be7 15. Bd2 Bf6 16. Nd3 Rd8 17. Rfd1 b6 18. Rac1 Nxb2 19. Nxb2 Bxb2 20. Rc2
Be5 21. Rdc1 O-O 22. e4 Ne7 23. Bb4 Rd7 24. Be2 Rfd8 25. Bb5 Rd1+ 26. Rxd1
Rxd1+ 27. Kg2 Bd6 28. Bxd6 Rxd6 29. Rc7 Kf8 30. Rxa7 Nc6 31. Ra8+ Ke7 32. h4
Rd8 33. Bxc6 Rxa8 34. Bxa8 Kd6 35. e5+ Kc5 36. a4 Kb4 37. Bc6 Kc5 38. Be8 f6
39. exf6 gxf6 40. Kf3 e5 41. Ke4 f5+ 42. Kxf5 1-0

[Event "Dundee & Angus Challengers"]
[Site "?"]
[Date "2015.10.10"]
[Round "2"]
[White "Ramazanov, Vagif"]
[Black "Smith, John S R"]
[Result "0-1"]
[WhiteElo "1381"]
[BlackElo "1712"]
[PlyCount "112"]
[EventDate "2015.??.??"]

1. e4 c5 2. Nf3 d6 3. d4 cxd4 4. Nxd4 Nf6 5. Nc3 a6 6. Be3 Nc6 7. Be2 e6 8. O-O
Be7 9. Qd2 Qc7 10. f4 O-O 11. Nf3 b5 12. a3 Ng4 13. Rad1 Bb7 14. h3 Nxe3 15.
Qxe3 Rac8 16. Kh1 Na5 17. f5 Nc4 18. Bxc4 Qxc4 19. Nd4 e5 20. Nf3 f6 21. Qd3 b4
22. axb4 Qxb4 23. Rb1 Rfd8 24. Nd5 Bxd5 25. Qxd5+ Kf8 26. c3 Qb6 27. Rfe1 Rc5
28. Qd3 a5 29. b4 axb4 30. cxb4 Rb5 31. Qe3 d5 32. Qxb6 Rxb6 33. b5 dxe4 34.
Rxe4 Rd5 35. Rc1 Rbxb5 36. Kh2 Rdc5 37. Rxc5 Bxc5 38. Kg3 Rb4 39. Re2 Kf7 40.
Nd2 Rf4 41. Re4 Bf2+ 42. Kh2 Rxf5 43. Re2 Bd4 44. Ne4 Rf4 45. g3 Rf1 46. Kg2
Rb1 47. Nd2 Rb2 48. Kf3 Bc3 49. Ne4 Rxe2 50. Kxe2 Bb4 51. g4 g6 52. Ng3 Ke6 53.
Ke3 f5 54. gxf5+ gxf5 55. h4 f4+ 56. Kf3 fxg3 0-1

[Event "Dundee & Angus Challengers"]
[Site "?"]
[Date "2015.10.10"]
[Round "2"]
[White "Aitchison, A Keith"]
[Black "Robertson, Jim"]
[Result "1-0"]
[WhiteElo "1597"]
[BlackElo "1502"]
[PlyCount "107"]
[EventDate "2015.??.??"]

1. e4 c6 2. d4 d5 3. Nc3 dxe4 4. Nxe4 Bf5 5. Ng3 Bg6 6. Bc4 e6 7. N1e2 Bd6 8.
O-O Nf6 9. Nf4 Bxf4 10. Bxf4 O-O 11. c3 Nd5 12. Qd2 Nxf4 13. Qxf4 Nd7 14. Rfe1
Nb6 15. Bb3 Nd5 16. Qe5 Re8 17. Rad1 Nf6 18. h3 a5 19. Rd2 a4 20. Bc2 Bxc2 21.
Rxc2 Ra5 22. Qf4 Rd5 23. Rce2 Qb6 24. Nf1 Red8 25. Ne3 Rb5 26. Nc4 Nd5 27. Qf3
Qc7 28. Ne5 Nf6 29. g4 Qe7 30. Kh1 Rbd5 31. Nd3 c5 32. Nxc5 h5 33. Re5 hxg4 34.
hxg4 Nh7 35. Qg3 b6 36. Nxa4 Qa7 37. Rxd5 Rxd5 38. b3 b5 39. Nc5 Nf6 40. Re5
Qxa2 41. Rxd5 Qb1+ 42. Kg2 exd5 43. g5 Ne4 44. Nxe4 Qxe4+ 45. Qf3 Qxf3+ 46.
Kxf3 f6 47. gxf6 gxf6 48. Kf4 Kf7 49. Kf5 Ke7 50. f4 Kf7 51. b4 Ke7 52. Kg6 Ke6
53. f5+ Ke7 54. Kg7 1-0

[Event "Dundee & Angus Challengers"]
[Site "?"]
[Date "2015.10.10"]
[Round "2"]
[White "D'Costa, Leston"]
[Black "Thomas, Phil"]
[Result "1-0"]
[WhiteElo "1515"]
[BlackElo "1809"]
[PlyCount "55"]
[EventDate "2015.??.??"]

1. e4 c5 2. Nc3 Nc6 3. f4 d6 4. Nf3 e5 5. Bb5 Bg4 6. fxe5 dxe5 7. Bxc6+ bxc6 8.
O-O Qc7 9. Qe1 Nf6 10. Qg3 Bxf3 11. Rxf3 Nh5 12. Qg5 Nf4 13. d3 Ne6 14. Qg3 f6
15. Be3 O-O-O 16. Rff1 Kb7 17. Rfb1 Nd4 18. Qf2 Qa5 19. a3 Qa6 20. b4 Kc8 21.
b5 cxb5 22. Bxd4 cxd4 23. Qf5+ Rd7 24. Nxb5 g6 25. Qg4 Qa4 26. Qe6 Bg7 27. Rb4
Qa5 28. Nd6+ 1-0

[Event "Dundee & Angus Challengers"]
[Site "?"]
[Date "2015.10.10"]
[Round "3"]
[White "Hegde, Stuthi"]
[Black "Ramazanov, Vagif"]
[Result "1/2-1/2"]
[WhiteElo "1241"]
[BlackElo "1381"]
[PlyCount "107"]
[EventDate "2015.??.??"]

1. d4 d5 2. c4 e6 3. Nc3 Nf6 4. cxd5 exd5 5. Bg5 Be7 6. Qc2 h6 7. Bh4 O-O 8. e3
b6 9. Bd3 Bb7 10. Nf3 Nbd7 11. h3 Re8 12. Bg3 c5 13. O-O Rc8 14. Rac1 cxd4 15.
Nxd4 Ne4 16. Qe2 Nxc3 17. Rxc3 Rxc3 18. bxc3 Nf6 19. Rc1 Qc8 20. Bf5 Ba6 21.
Bd3 Bxd3 22. Qxd3 Ne4 23. Bh2 Qd7 24. Rc2 Rc8 25. c4 Nc5 26. Qe2 dxc4 27. Rxc4
Ne4 28. Rxc8+ Qxc8 29. Qc2 Qxc2 30. Nxc2 Nc3 31. Bb8 a6 32. a3 Nb5 33. Nb4 a5
34. Nd5 Bc5 35. a4 Na3 36. Ba7 Nc4 37. Kf1 Kf8 38. Ke2 Ke8 39. Nc3 Kd7 40. Ne4
Kc6 41. Bb8 Nb2 42. Be5 Nxa4 43. Bxg7 f5 44. Ng3 b5 45. Bxh6 b4 46. Bg7 b3 47.
h4 b2 48. Bxb2 Nxb2 49. h5 a4 50. h6 Be7 51. Nxf5 Bf6 52. Nd4+ Kc5 53. Nc2 Kc4
54. Kd2 1/2-1/2

[Event "Dundee & Angus Challengers"]
[Site "?"]
[Date "2015.10.10"]
[Round "3"]
[White "MacQueen, Andrew"]
[Black "Dabos- Doukas, Ioannis"]
[Result "0-1"]
[WhiteElo "1800"]
[BlackElo "1614"]
[PlyCount "60"]
[EventDate "2015.??.??"]

1. e4 c5 2. Nf3 e6 3. d4 cxd4 4. Nxd4 Nc6 5. Nc3 Qc7 6. Be3 a6 7. a3 Nf6 8. Be2
Be7 9. O-O h5 10. Nxc6 bxc6 11. Qd2 Bb7 12. Rad1 d5 13. exd5 cxd5 14. f4 Bd6
15. Bd4 h4 16. Qe3 Rh6 17. Bb6 Qc6 18. Bf3 Bxf4 19. Qxf4 Qxb6+ 20. Kh1 Qxb2 21.
Bxd5 Bxd5 22. Nxd5 exd5 23. Rxd5 Kf8 24. Rg5 Kg8 25. Qf3 Rc8 26. Qd3 Qxc2 27.
Qxa6 Qc4 28. Qxc4 Rxc4 29. a4 Rg6 30. Rxg6 fxg6 0-1

[Event "Dundee & Angus Challengers"]
[Site "?"]
[Date "2015.10.10"]
[Round "3"]
[White "Volland, Ben"]
[Black "Robertson, Jim"]
[Result "1/2-1/2"]
[WhiteElo "1540"]
[BlackElo "1502"]
[PlyCount "81"]
[EventDate "2015.??.??"]

1. e4 c6 2. d4 d5 3. Nc3 dxe4 4. Nxe4 Bf5 5. Ng3 Bg6 6. Nf3 Nd7 7. h4 h6 8. h5
Bh7 9. Bd3 Bxd3 10. Qxd3 e6 11. Bf4 Qa5+ 12. Bd2 Qc7 13. O-O-O Ngf6 14. Rde1
O-O-O 15. c3 Bd6 16. Ne4 Nxe4 17. Qxe4 Nf6 18. Qe2 Bf4 19. Ne5 Bxd2+ 20. Qxd2
Rhf8 21. Kb1 Kb8 22. Qf4 Ka8 23. g4 Nh7 24. Qe3 Rd6 25. f4 Qe7 26. Reg1 Rfd8
27. g5 Nf8 28. gxh6 gxh6 29. Rg7 Rd5 30. Rxf7 Rxe5 31. fxe5 Qxf7 32. Qxh6 Qh7+
33. Qxh7 Nxh7 34. Rg1 Rh8 35. Rg6 Nf8 36. Rf6 Kb8 37. h6 Kc8 38. Kc2 b6 39. Kd3
a5 40. c4 Kd8 41. h7 1/2-1/2

[Event "Dundee & Angus Challengers"]
[Site "?"]
[Date "2015.10.10"]
[Round "3"]
[White "Pasha, Tariq"]
[Black "Barker, Luke"]
[Result "1/2-1/2"]
[WhiteElo "1654"]
[BlackElo "1714"]
[PlyCount "45"]
[EventDate "2015.??.??"]

1. d4 Nf6 2. c4 e5 3. dxe5 Ng4 4. Nf3 Bb4+ 5. Nc3 Nc6 6. Bf4 Qe7 7. Qd5 Bxc3+
8. bxc3 f6 9. exf6 Nxf6 10. Qd2 d6 11. e3 O-O 12. Bg3 Ne4 13. Qc2 Qf6 14. Rc1
Bf5 15. Bd3 Nc5 16. Bxf5 Qxf5 17. Qxf5 Rxf5 18. O-O Na5 19. Nd2 Re8 20. Rfd1 b6
21. Nf3 Rf7 22. Nd4 h6 23. Kf1 1/2-1/2

[Event "Dundee & Angus Challengers"]
[Site "?"]
[Date "2015.10.10"]
[Round "3"]
[White "D'Costa, Leston"]
[Black "Ward, Andrew"]
[Result "1-0"]
[WhiteElo "1515"]
[BlackElo "1400"]
[PlyCount "51"]
[EventDate "2015.??.??"]

1. e4 e6 2. Qe2 Nc6 3. f4 d5 4. exd5 Qxd5 5. Nc3 Qa5 6. g3 Bd7 7. Bg2 O-O-O 8.
Nf3 Nb4 9. d3 Nd5 10. Bd2 Bb4 11. Nxd5 Bxd2+ 12. Qxd2 Qxd2+ 13. Kxd2 exd5 14.
Ng5 Be6 15. f5 h6 16. Nxe6 fxe6 17. fxe6 Ne7 18. Rhf1 Rhf8 19. Rae1 c6 20. Rf7
Nf5 21. Rf1 Rxf7 22. exf7 g6 23. g4 Nh4 24. f8=Q Rxf8 25. Rxf8+ Kd7 26. Bh1 1-0